सच्ची गपशपःकिस्से गांधी जी के / (Record no. 205724)
[ view plain ]
| 000 -LEADER | |
|---|---|
| fixed length control field | 00752nam a22001577a 4500 |
| 005 - DATE AND TIME OF LATEST TRANSACTION | |
| control field | 20240909153343.0 |
| 010 ## - LCCN (DPL NO) | |
| LC control number | 07/24,CHHN |
| 020 ## - INTERNATIONAL STANDARD BOOK NUMBER | |
| International Standard Book Number | 9788196237424 |
| Terms of availability | 200.00 |
| 037 ## - SOURCE OF ACQUISITION | |
| Source of stock number/acquisition | अद्विक पब्लिकेशन प्रा.लि. |
| 100 ## - MAIN ENTRY--PERSONAL NAME | |
| Personal name | दिविक रमेश |
| 245 ## - TITLE STATEMENT | |
| Title | सच्ची गपशपःकिस्से गांधी जी के / |
| Statement of responsibility, etc | दिविक रमेश |
| 260 ## - PUBLICATION, DISTRIBUTION, ETC. (IMPRINT) | |
| Place of publication, distribution, etc | दिल्ली |
| Name of publisher, distributor, etc | अद्विक पब्लिकेशन |
| Date of publication, distribution, etc | 2023 |
| 270 ## - ADDRESS | |
| Address | 41 हसनपुर, आई.पी एक्सटेंशन पटपड़गंज |
| City | दिल्ली |
| Postal code | 110092 |
| 300 ## - PHYSICAL DESCRIPTION | |
| Extent | 24 पृ.; |
| Dimensions | 24सेमी. (आजिल्द) |
| 942 ## - ADDED ENTRY ELEMENTS (KOHA) | |
| Institution code [OBSOLETE] | dpl |
| Item type | Children Books |
| Source of classification or shelving scheme | Dewey Decimal Classification |
| Call number suffix | दिविक |
No items available.
